| 000 | 00626nam a2200229Ia 4500 | ||
|---|---|---|---|
| 003 | OSt | ||
| 005 | 20221007075757.0 | ||
| 006 | a|||||r|||| 00| 0 | ||
| 007 | ta | ||
| 008 | 221006b |||||||| |||| 00| 0 eng d | ||
| 024 | _a43,191 | ||
| 037 | _cTextual | ||
| 040 |
_aFLL _cFLL _beng |
||
| 041 |
_2eng _aeng |
||
| 082 | _aZ2,81;11.N5, Q1 | ||
| 100 |
_aGadbois G.H. _9694211 |
||
| 245 | 0 | _aJudges of the supreme court of India | |
| 260 |
_aNew Delhi _bOxford University press India _c2011 |
||
| 300 |
_a412 xi _ccm. |
||
| 942 |
_hZ2,81;11.N5, Q1 _cTEXL _2CC |
||
| 999 |
_c1157328 _d1157328 |
||